| 000 | 00428nam a2200181Ia 4500 | ||
|---|---|---|---|
| 001 | 7750 | ||
| 005 | 20260306160518.0 | ||
| 008 | 260306t2005||||xx |||||||||||||| ||spa|| | ||
| 041 | _aESP | ||
| 082 |
_a361.25 _bP26 |
||
| 100 |
_aParodi Trece, Carlos _eAUT |
||
| 245 | 0 | _aEl crédito para agua y saneamiento rural | |
| 260 | _c2005 | ||
| 300 |
_apágs. : _ccm. |
||
| 650 | _aGEN | ||
| 654 | _aCAN | ||
| 942 |
_cLIB _dJUS _fJUS _2ddc _n |
||
| 999 |
_c7750 _d7750 |
||